000 00880nam a2200217 i 4500
001 161835
003 ES-MaACL
005 20250804062623.0
008 950206s1898 sp |||| | spa d
100 1 _aPérez Galdós, Benito,
_d1843-1920
_990871
245 1 0 _aDe Oñate a La Granja /
_cB. Pérez Galdós.
260 _aMadrid :
_bObras de Pérez Galdós,
_c1898 (
_fEstab. tip. de la Viuda e Hijos de Tello)
300 _a346 p. ;
_c18 cm.
490 1 _aEpisodios nacionales. Tercera serie ;
_v3
530 _aDisponible en formato digital.
651 4 _aEspaña-
_xHistoria-
_y1833-1840, Guerra carlista-
_vNovelas.
_98251
830 0 _aEpisodios nacionales. Tercera serie ;
_v3
_9188356
852 _aES-MaACL
_jB-5820
_z- Enc. pasta española
856 _uhttp://bdh-rd.bne.es/viewer.vm?id=0000201197&page=1
_zBiblioteca Digital Hispánica
999 _c161835
_d161835